| 000 | 00000nas 2200000zi 4500 |
| 001 | 9.891820 |
| 003 | CaOODSP |
| 005 | 20250618080621 |
| 006 | m o d f |
| 007 | cr ||||||||||| |
| 008 | 200925c20159999onc x p o f0###b2fre|d |
| 040 | |aCaOODSP|bfre|erda|cCaOODSP |
| 041 | |aeng|afre |
| 043 | |an-cn--- |
| 086 | 1 |aPS91-12-PDF |
| 110 | 2 |aCommission des libérations conditionnelles du Canada. |
| 245 | 10|aDecision-making policy manual for Board members = |bManuel des politiques décisionnelles à l'intention des commissaires. |
| 246 | 11|aManuel des politiques décisionnelles à l'intention des commissaires |
| 264 | 1|a[Ottawa] : |bParole Board of Canada = Commission des libérations conditionnelles du Canada, |c[201-?]- |
| 310 | |aIrrégulier. |
| 336 | |atexte|btxt|2rdacontent/fre |
| 337 | |ainformatique|bc|2rdamedia/fre |
| 338 | |aressource en ligne|bcr|2rdacarrier/fre |
| 362 | 1 |a[Première édition, no. 1, 201-?]- |
| 546 | |aTexte en anglais et en français. |
| 588 | |aDescription d'après : deuxième édition no. 05 – 2015-12-18. |
| 588 | |aDernière livraison consultée : deuxième édition no. 17 – 2019-12-18 |
| 650 | 6|aLibérations conditionnelles|xPrise de décision|zCanada|vGuides, manuels, etc. |
| 791 | |tDecision-making policy manual for Board members = |eeng|w(CaOODSP)9.891784 |